000 00669nam a2200241 a 4500
001 nice12345678
003 IN_TiNIC
005 20260116014806.0
008 050816s2001 kama grp 000 0 eng
020 _a9789987622337
_c1000
082 0 0 _a364.15171
_bMAM
100 _aMamdani, Mahmood
245 _aWhen Victims Become Killers
_b Colonialism, Nativism, and the Genocide in Rwanda
260 _aKampala
_bFountain Pubs.
_c2001
300 _a364p
500 _aincludes index and biblioraphy
505 2 _aNotes,Index and Bibliography
650 _aGenocide-Rwanda
700 1 _aMamdani, Mahmood
902 _bSRS
942 _cBK
999 _c16986
_d16986